000 00748nam a2200253Ia 4500
003 OSt
005 20221005083714.0
006 a|||||r|||| 00| 0
007 ta
008 221004b |||||||| |||| 00| 0 eng d
020 _a9788130912790 (pbk)
_c250
024 _a101727
037 _b140, 18/12/2009, Index International
_cTextual
040 _aCRL
_cCRL
_beng
041 _2eng
_aeng
082 _aO111:g(V:17), Q0
100 _aMcleod John
245 0 _aBeginning postcolonialism
260 _aNew Delhi
_bViva Books India
_c2010
300 _axii,274p.
_ccm.
650 _aENGLISH LITERATURE
942 _hO111:g(V:17), Q0
_cTEXL
_2cc
999 _c991424
_d991424